书目信息 |
| 题名: |
听力语言康复专业教材
|
|
| 作者: | 孙喜斌 主编 | |
| 分册: | 第四册 听障儿童康复听力学 | |
| 出版信息: | 北京 新华出版社 2004 |
|
| 页数: | 183页 | |
| 开本: | 26cm | |
| 丛书名: | ||
| 单 册: | ||
| 中图分类: | G762.4 , R764.430.9 | |
| 科图分类: | ||
| 主题词: | 听力障碍--儿童--语言--教育康复--教材 , 听力障碍--儿童--康复--教材 , 听力障碍 , 儿童 , 语言 , 教育康复 , 康复 | |
| 电子资源: | ||
| ISBN: | 7-5011-6829-6 | |
| 000 | 01152nam0 2200313 450 | |
| 001 | 1572935785 | |
| 005 | 20150202201558.64 | |
| 010 | @a7-5011-6829-6@dCNY23.60,CNY260.00(全11册) | |
| 100 | @a20050221d2004 em y0chiy50 ea | |
| 101 | 0 | @achi |
| 102 | @aCN@b110000 | |
| 105 | @ay z 000yy | |
| 200 | 1 | @a听力语言康复专业教材@9ting li yu yan kang fu zhuan ye jiao cai@h第四册@i听障儿童康复听力学@f孙喜斌主编 |
| 210 | @a北京@c新华出版社@d2004 | |
| 215 | @a183页@d26cm | |
| 300 | @a全国教育科学“十五”规划教育部重点课题《听力语言康复专业的整体课程改革与实验研究》研究成果 长江新里程计划——聋儿语训教师培养项目 李嘉诚博士及属下香港长江集团资助 | |
| 330 | @a本课程是针对0~7岁听障儿童助听器验配、人工耳蜗植入及其实施听觉康复训练等综合技能为一体的、理论与实践相结合的专业课程。 | |
| 606 | 0 | @a听力障碍@x儿童@x语言@x教育康复@j教材 |
| 606 | 0 | @a听力障碍@x儿童@x康复@j教材 |
| 606 | 0 | @a听力障碍 |
| 606 | 0 | @a儿童 |
| 606 | 0 | @a语言 |
| 606 | 0 | @a教育康复 |
| 606 | 0 | @a康复 |
| 690 | @aG762.4@v5 | |
| 690 | @aR764.430.9@v5 | |
| 701 | 0 | @a孙喜斌@9sun xi bin@f(1954~)@4主编 |
| 801 | 0 | @aCN@bTSSF@c20150202 |
| 905 | @aZUCC@dG762.4@eJY6:4 | |
| 听力语言康复专业教材.第四册.听障儿童康复听力学/孙喜斌主编.-北京:新华出版社,2004 |
| 183页;26cm |
| 全国教育科学“十五”规划教育部重点课题《听力语言康复专业的整体课程改革与实验研究》研究成果 长江新里程计划——聋儿语训教师培养项目 李嘉诚博士及属下香港长江集团资助 |
| ISBN 7-5011-6829-6:CNY23.60,CNY260.00(全11册) |
| 本课程是针对0~7岁听障儿童助听器验配、人工耳蜗植入及其实施听觉康复训练等综合技能为一体的、理论与实践相结合的专业课程。 |
| ● |
| 相关链接 |
|
|
|
|
正题名:听力语言康复专业教材
索取号:G762.4/JY6:4
 
预约/预借
| 序号 | 登录号 | 条形码 | 馆藏地/架位号 | 状态 | 备注 |
| 1 | 7865162 | 278651629 | 学院路分馆/ [索取号:G762.4/JY6:4] | 在馆 |